[Event "Quebec Capablanca"]
[Site "Quebec"]
[Date "2017.12.04"]
[Round "1"]
[White "Bluteau, Yvon"]
[Black "Leblanc Legault, Mathieu"]
[Result "1-0"]
[WhiteElo "1767"]
[BlackElo "1694"]
[PlyCount "79"]
[EventDate "2017.12.04"]
[EventType "swiss"]
[EventRounds "5"]
[EventCountry "CAN"]
[SourceTitle "EXT 2022"]
[Source "ChessBase"]
[SourceDate "2021.10.06"]
[SourceVersion "1"]
[SourceVersionDate "2021.10.06"]
[SourceQuality "1"]

1. Nf3 Nf6 2. d4 d5 3. g3 e6 4. Bg2 b5 5. 0-0 Be7 6. Ne5 Bb7 7. c3 a5 8. Nd2 0-0 9. b3 Nfd7 10. Nxd7 Nxd7 11. e4 c5 12. Bb2 cxd4 13. cxd4 dxe4 14. Nxe4 Bd5 15. Qd3 Qb6 16. h4 Qb7 17. f3 h6 18. Nc3 Rab8 19. Nxd5 Qxd5 20. Rad1 Nf6 21. Rfe1 Qd7 22. f4 Rfd8 23. Qf3 Qd5 24. Qc3 Bb4 25. Qd3 Qd7 26. Re2 Rbc8 27. Kh1 Nd5 28. Rf1 Bc3 29. f5 Bxb2 30. fxe6 fxe6 31. Rxb2 Rc3 32. Qg6 Ne3 33. Be4 Nf5 34. Bxf5 exf5 35. Rxf5 Rc1+ 36. Kh2 Qb7 37. d5 Rxd5 38. Qe6+ Kh7 39. Rxd5 Qa7 40. Qf5+ 1-0

[Event "Quebec Montcalm op 2 2017-18"]
[Site "Quebec"]
[Date "2017.11.02"]
[Round "4"]
[White "Lapierre, Gaetan"]
[Black "Leblanc Legault, Mathieu"]
[Result "0-1"]
[WhiteElo "1834"]
[BlackElo "1694"]
[PlyCount "96"]
[EventDate "2017.10.12"]
[EventType "swiss"]
[EventRounds "5"]
[EventCountry "CAN"]
[SourceTitle "EXT 2022"]
[Source "ChessBase"]
[SourceDate "2021.10.06"]
[SourceVersion "1"]
[SourceVersionDate "2021.10.06"]
[SourceQuality "1"]

1. e4 c6 2. d4 d5 3. Nc3 dxe4 4. Nxe4 Nd7 5. Bc4 Ngf6 6. Nxf6+ Nxf6 7. Nf3 Bf5 8. c3 e6 9. Bf4 Bd6 10. Bxd6 Qxd6 11. Ne5 0-0 12. Qe2 c5 13. Rd1 Rfd8 14. 0-0 Qc7 15. dxc5 Qxc5 16. Rfe1 a6 17. Bb3 h5 18. Bc2 Bxc2 19. Qxc2 Rd5 20. Nd3 Qc7 21. Nb4 Rf5 22. h3 a5 23. Nd3 Rd8 24. Nc1 Rdd5 25. Rxd5 Rxd5 26. Rd1 Qd6 27. Rxd5 Qxd5 28. Qd3 Kf8 29. Qxd5 Nxd5 30. Nd3 Ke7 31. c4 Nc7 32. Kf1 Kd6 33. Ke2 Na6 34. f4 f6 35. Ke3 b6 36. Kd4 Kc6 37. a3 Nc5 38. b4 Nxd3 39. Kxd3 Kd6 40. g4 hxg4 41. hxg4 g6 42. g5 fxg5 43. fxg5 Ke5 44. Ke3 axb4 45. axb4 Kf5 46. c5 bxc5 47. b5 Ke5 48. b6 Kd6 0-1

[Event "Quebec Montcalm op 3 2016-17"]
[Site "Quebec"]
[Date "2016.12.15"]
[Round "5"]
[White "Sarra Bournet, Marc"]
[Black "Leblanc Legault, Mathieu"]
[Result "1-0"]
[WhiteElo "1844"]
[BlackElo "1728"]
[PlyCount "77"]
[EventDate "2016.11.17"]
[EventType "swiss"]
[EventRounds "5"]
[EventCountry "CAN"]
[SourceTitle "EXT 2022"]
[Source "ChessBase"]
[SourceDate "2021.10.06"]
[SourceVersion "1"]
[SourceVersionDate "2021.10.06"]
[SourceQuality "1"]

1. e4 c6 2. d4 d5 3. Nc3 dxe4 4. Nxe4 Bf5 5. Ng3 Bg6 6. h4 h6 7. h5 Bh7 8. Nf3 Nd7 9. Bd3 Bxd3 10. Qxd3 Qc7 11. Bd2 e6 12. 0-0-0 Ngf6 13. Rde1 Bd6 14. Nf5 0-0-0 15. Nxd6+ Qxd6 16. Rh4 Rhe8 17. Ba5 b6 18. Qa6+ Kb8 19. Bc3 Qd5 20. Ne5 Nxe5 21. dxe5 Nh7 22. Ra4 Re7 23. Rd4 Qxd4 24. Bxd4 Rxd4 25. Qa3 Red7 26. Qg3 Ng5 27. f4 Ne4 28. Qxg7 Nf2 29. b3 Rxf4 30. Qxh6 Rf5 31. Qf8+ Kc7 32. h6 Rh5 33. Qg7 f5 34. exf6 Rxg7 35. fxg7 Rg5 36. h7 Rxg7 37. h8Q Rxg2 38. Qe5+ Kb7 39. Qxe6 1-0

[Event "Quebec Montcalm op 3 2016-17"]
[Site "Quebec"]
[Date "2016.12.08"]
[Round "4"]
[White "Fillion, Jean Yves"]
[Black "Leblanc Legault, Mathieu"]
[Result "0-1"]
[WhiteElo "1215"]
[BlackElo "1728"]
[PlyCount "68"]
[EventDate "2016.11.17"]
[EventType "swiss"]
[EventRounds "5"]
[EventCountry "CAN"]
[SourceTitle "EXT 2022"]
[Source "ChessBase"]
[SourceDate "2021.10.06"]
[SourceVersion "1"]
[SourceVersionDate "2021.10.06"]
[SourceQuality "1"]

1. e4 c6 2. d4 d5 3. e5 c5 4. Nf3 cxd4 5. Nxd4 Nc6 6. Bb5 Bd7 7. Nc3 e6 8. 0-0 Nxe5 9. Bxd7+ Qxd7 10. Bf4 Ng6 11. Bg3 a6 12. Re1 Nf6 13. f4 Be7 14. Qf3 0-0 15. Rad1 Bd6 16. Nb3 Ne7 17. Bh4 Qc7 18. Bxf6 gxf6 19. Ne2 Qxc2 20. Rd2 Qg6 21. a3 Rac8 22. Rd4 Nf5 23. Rd3 Kh8 24. Qh3 Rc2 25. Ned4 Nxd4 26. Rg3 Qf5 27. Nxd4 Qxh3 28. Rxh3 Bc5 29. Rd1 Rg8 30. g3 Bxd4+ 31. Rxd4 Rxb2 32. Rh6 Kg7 33. Rh4 f5 34. g4 Rc8 0-1

[Event "Quebec Montcalm op 3 2016-17"]
[Site "Quebec"]
[Date "2016.12.01"]
[Round "3"]
[White "Leblanc Legault, Mathieu"]
[Black "Lapierre, Gaetan"]
[Result "0-1"]
[WhiteElo "1728"]
[BlackElo "1984"]
[PlyCount "164"]
[EventDate "2016.11.17"]
[EventType "swiss"]
[EventRounds "5"]
[EventCountry "CAN"]
[SourceTitle "EXT 2022"]
[Source "ChessBase"]
[SourceDate "2021.10.06"]
[SourceVersion "1"]
[SourceVersionDate "2021.10.06"]
[SourceQuality "1"]

1. Nf3 Nf6 2. d4 g6 3. e3 Bg7 4. Be2 b6 5. b4 Bb7 6. 0-0 c5 7. bxc5 bxc5 8. c3 0-0 9. Bb2 cxd4 10. cxd4 d6 11. Nc3 Nbd7 12. Nd2 Nb6 13. Bf3 Bxf3 14. Qxf3 d5 15. a4 Rc8 16. Rfc1 Qd7 17. Qe2 Nc4 18. Nxc4 Rxc4 19. Ba3 Rfc8 20. Bc5 R8xc5 21. dxc5 Ne4 22. Nxe4 Bxa1 23. Rxa1 Rxe4 24. Qb5 Qxb5 25. axb5 Rb4 26. Kf1 Rxb5 27. Rxa7 e6 28. Rc7 Rb1+ 29. Ke2 Rc1 30. Kd2 Rc4 31. Kd3 e5 32. f3 f5 33. c6 e4+ 34. fxe4 fxe4+ 35. Kd2 Rc5 36. Rd7 Rxc6 37. Rxd5 Ra6 38. Kc3 Ra2 39. Rd2 Ra7 40. Rf2 Rd7 41. Rf4 Rd3+ 42. Kc4 Rxe3 43. Kd4 Re2 44. Rg4 Kg7 45. Rxe4 Rxg2 46. h3 h5 47. h4 Rg4 48. Ke5 Rg1 49. Ke6 Rf1 50. Ke5 Rf8 51. Kd4 Rd8+ 52. Ke5 Ra8 53. Rd4 Re8+ 54. Kf4 Kh6 55. Rd6 Re1 56. Kg3 Re3+ 57. Kf4 Rh3 58. Rd8 Rxh4+ 59. Kg3 Rg4+ 60. Kh3 Rf4 61. Kg3 Rf5 62. Kh4 g5+ 63. Kg3 h4+ 64. Kh3 Rf6 65. Rh8+ Kg7 66. Rh5 Kg6 67. Rh8 Kf5 68. Rg8 Kf4 69. Rg7 Kf5 70. Rg8 Re6 71. Rf8+ Kg6 72. Rg8+ Kh5 73. Rh8+ Rh6 74. Rg8 Rh7 75. Rc8 g4+ 76. Kh2 Rg7 77. Rh8+ Kg5 78. Kg2 Rf7 79. Rg8+ Kf4 80. Rh8 h3+ 81. Kh2 Kf3 82. Rc8 g3+ 0-1

[Event "Quebec Montcalm op 2 2016-17"]
[Site "Quebec"]
[Date "2016.10.27"]
[Round "3"]
[White "Leblanc Legault, Mathieu"]
[Black "Fillion, Jean Yves"]
[Result "1-0"]
[WhiteElo "1743"]
[BlackElo "1266"]
[PlyCount "61"]
[EventDate "2016.10.13"]
[EventType "swiss"]
[EventRounds "5"]
[EventCountry "CAN"]
[SourceTitle "EXT 2022"]
[Source "ChessBase"]
[SourceDate "2021.10.06"]
[SourceVersion "1"]
[SourceVersionDate "2021.10.06"]
[SourceQuality "1"]

1. Nf3 c5 2. e3 Nc6 3. d4 e6 4. b3 Nf6 5. Bb2 d5 6. Bd3 Bd6 7. dxc5 Bxc5 8. 0-0 Qc7 9. Nbd2 Bd7 10. c4 0-0-0 11. Rc1 Rde8 12. cxd5 exd5 13. Rxc5 Kb8 14. Qa1 Qd8 15. Ne5 Qe7 16. Nxd7+ Qxd7 17. Bb5 Rc8 18. Rfc1 Qe6 19. Bxc6 bxc6 20. Bxf6 gxf6 21. Qc3 Kb7 22. Nf3 Rhg8 23. Qb4+ Ka8 24. Qf4 Qh3 25. g3 Qe6 26. Nd4 Qe5 27. Rxc6 Rxc6 28. Rxc6 Qxf4 29. exf4 Rg6 30. Rc7 Rg7 31. Nc6 1-0

[Event "Quebec Montcalm op 2 2016-17"]
[Site "Quebec"]
[Date "2016.10.20"]
[Round "2"]
[White "Picard Fortin, Julien Pierre"]
[Black "Leblanc Legault, Mathieu"]
[Result "1/2-1/2"]
[WhiteElo "1684"]
[BlackElo "1743"]
[PlyCount "101"]
[EventDate "2016.10.13"]
[EventType "swiss"]
[EventRounds "5"]
[EventCountry "CAN"]
[SourceTitle "EXT 2022"]
[Source "ChessBase"]
[SourceDate "2021.10.06"]
[SourceVersion "1"]
[SourceVersionDate "2021.10.06"]
[SourceQuality "1"]

1. e4 e6 2. d4 d5 3. e5 c5 4. c3 Nc6 5. Nf3 Qb6 6. Bd3 cxd4 7. cxd4 Bd7 8. Be2 Nge7 9. Nc3 Nf5 10. 0-0 Nfxd4 11. Nxd4 Nxe5 12. Re1 Bc5 13. Na4 Bxa4 14. Qxa4+ Nc6 15. Nxc6 Bxf2+ 16. Kf1 bxc6 17. Rd1 Bg1 18. Qf4 h5 19. Rd3 g5 20. Qf3 Bxh2 21. Qe3 Qxe3 22. Bxe3 f6 23. Rc1 Kd7 24. Rdc3 Rhc8 25. Bxh5 Be5 26. Rb3 Rcb8 27. Rxb8 Rxb8 28. b3 Rh8 29. Be2 Rh1+ 30. Kf2 Rxc1 31. Bxc1 Bd4+ 32. Kg3 a5 33. Bd2 Bb6 34. a4 c5 35. Kg4 Kd6 36. Bb5 Ke5 37. Bc3+ d4 38. Bd2 Ke4 39. Bd7 Kd5 40. Bb5 Bd8 41. Kf3 f5 42. g3 e5 43. Bc4+ Kd6 44. g4 e4+ 45. Kg3 f4+ 46. Bxf4+ gxf4+ 47. Kxf4 e3 48. Ke4 Bf6 49. Bd3 Ke6 50. Bc4+ Kd6 51. Bd3 1/2-1/2

[Event "Quebec Montcalm op 2 2016-17"]
[Site "Quebec"]
[Date "2016.10.13"]
[Round "1"]
[White "Leblanc Legault, Mathieu"]
[Black "Hines, Jason"]
[Result "1-0"]
[WhiteElo "1743"]
[BlackElo "1430"]
[PlyCount "83"]
[EventDate "2016.10.13"]
[EventType "swiss"]
[EventRounds "5"]
[EventCountry "CAN"]
[SourceTitle "EXT 2022"]
[Source "ChessBase"]
[SourceDate "2021.10.06"]
[SourceVersion "1"]
[SourceVersionDate "2021.10.06"]
[SourceQuality "1"]

1. Nf3 Nf6 2. d4 d5 3. e3 e6 4. b3 c5 5. Bb2 Nc6 6. Bd3 Bd6 7. dxc5 Bxc5 8. 0-0 0-0 9. Nbd2 Bb6 10. Qb1 Bc7 11. c4 e5 12. cxd5 Qxd5 13. Ne4 Ne8 14. Nc3 Qe6 15. Bxh7+ Kh8 16. Bd3 Qh6 17. Nd5 Bd6 18. Bf5 Nf6 19. Nxf6 gxf6 20. Qe4 Bxf5 21. Qxf5 Rg8 22. Qe4 Qh5 23. Qh4 Qxh4 24. Nxh4 Ne7 25. Rfd1 Rad8 26. h3 f5 27. f4 f6 28. Nf3 Rg3 29. fxe5 Rdg8 30. exd6 Rxg2+ 31. Kh1 Nc6 32. Bxf6+ Kh7 33. d7 Rf2 34. Ng5+ Kg6 35. d8Q Nxd8 36. Rxd8 Rxd8 37. Bxd8 Rd2 38. Rg1 Rxd8 39. Ne6+ Kf6 40. Nxd8 Ke7 41. Rg7+ Kxd8 42. h4 1-0

[Event "Quebec Montcalm op 1 2016-17"]
[Site "Quebec"]
[Date "2016.10.06"]
[Round "5"]
[White "Leblanc Legault, Mathieu"]
[Black "Halhal, Sami"]
[Result "0-1"]
[WhiteElo "1695"]
[BlackElo "1830"]
[PlyCount "100"]
[EventDate "2016.09.08"]
[EventType "swiss"]
[EventRounds "5"]
[EventCountry "CAN"]
[SourceTitle "EXT 2022"]
[Source "ChessBase"]
[SourceDate "2021.10.06"]
[SourceVersion "1"]
[SourceVersionDate "2021.10.06"]
[SourceQuality "1"]

1. Nf3 d6 2. d4 Nf6 3. e3 g6 4. b4 Bg7 5. Be2 0-0 6. 0-0 b6 7. c4 Bb7 8. Bb2 Nbd7 9. Nc3 a5 10. b5 e5 11. a4 Qe7 12. Qc2 Nh5 13. g3 f5 14. Nh4 Nhf6 15. f4 exf4 16. exf4 Qe3+ 17. Rf2 Ne4 18. Nd1 Qd2 19. Bf3 Qxc2 20. Rxc2 Rae8 21. Nf2 Ndf6 22. Re2 Nxf2 23. Rxe8 Rxe8 24. Bxb7 Re2 25. Bc3 N6e4 26. Ra3 Nxc3 27. Rxc3 Bxd4 28. Kf1 Rb2 29. Ra3 Ng4 30. Nf3 Ne3+ 31. Rxe3 Bxe3 32. Ng5 Rxh2 33. Ne6 Ra2 34. Nxc7 Rxa4 35. Bd5+ Kf8 36. Ne6+ Ke7 37. Ng5 h6 38. Nf3 Ra2 39. Nh4 Kf6 40. c5 Rf2+ 41. Ke1 dxc5 42. Nf3 Rb2 43. Ne5 Bf2+ 44. Kf1 Bxg3 45. Bc6 Bxf4 46. Nd7+ Kg5 47. Nxb6 Rb4 48. Nd5 c4 49. Nxb4 axb4 50. Be4 fxe4 0-1

[Event "Ste Foy Polgar"]
[Site "Ste Foy"]
[Date "2016.06.11"]
[Round "5"]
[White "Leblanc Legault, Mathieu"]
[Black "L'Heureux, Clement"]
[Result "0-1"]
[WhiteElo "1631"]
[BlackElo "1932"]
[PlyCount "68"]
[EventDate "2016.05.14"]
[EventType "swiss"]
[EventRounds "5"]
[EventCountry "CAN"]
[SourceTitle "EXT 2022"]
[Source "ChessBase"]
[SourceDate "2021.10.06"]
[SourceVersion "1"]
[SourceVersionDate "2021.10.06"]
[SourceQuality "1"]

1. d4 Nf6 2. e3 c5 3. Nf3 e6 4. Be2 d5 5. 0-0 Bd6 6. c4 Nc6 7. a3 b6 8. Nc3 0-0 9. Qc2 Bb7 10. cxd5 exd5 11. Rd1 Re8 12. b3 Rc8 13. dxc5 bxc5 14. Bd3 Ne5 15. Nxe5 Bxe5 16. Bf5 Rc7 17. Bb2 g6 18. Bh3 a6 19. Ne2 Qe7 20. Bxe5 Qxe5 21. Ng3 d4 22. exd4 cxd4 23. Qd2 Rc3 24. Re1 Qc5 25. Rxe8+ Nxe8 26. b4 Qc4 27. Rd1 d3 28. Re1 Nf6 29. Re3 Rxa3 30. Nf1 Ne4 31. Qb2 Qc2 32. Qxc2 dxc2 33. Re1 Nc3 34. Ng3 Rb3 0-1

[Event "Quebec Montcalm op 6 2015-16"]
[Site "Quebec"]
[Date "2016.03.24"]
[Round "1"]
[White "Dube, Daniel"]
[Black "Leblanc Legault, Mathieu"]
[Result "1-0"]
[WhiteElo "1831"]
[BlackElo "1632"]
[PlyCount "63"]
[EventDate "2016.03.24"]
[EventType "swiss"]
[EventRounds "5"]
[EventCountry "CAN"]
[SourceTitle "EXT 2022"]
[Source "ChessBase"]
[SourceDate "2021.10.06"]
[SourceVersion "1"]
[SourceVersionDate "2021.10.06"]
[SourceQuality "1"]

1. Nf3 a6 2. b3 e6 3. Bb2 d5 4. e3 c5 5. Be2 Nc6 6. 0-0 Nf6 7. d4 Be7 8. Nbd2 0-0 9. a3 cxd4 10. exd4 b5 11. Bd3 Bb7 12. Re1 Rc8 13. Ne5 Nxe5 14. dxe5 Ne4 15. b4 Nxd2 16. Qxd2 Qb6 17. Bd4 Qc6 18. Qe2 Rfe8 19. Qh5 g6 20. Qg4 Kg7 21. h4 f5 22. exf6+ Bxf6 23. Bxf6+ Kxf6 24. Qg5+ Kf7 25. Re3 Qd7 26. h5 Kg8 27. hxg6 hxg6 28. Rae1 d4 29. Rg3 Re7 30. Qxg6+ Rg7 31. Qh7+ Kf8 32. Qh8+ 1-0

[Event "Montcalm III 2015-16"]
[Site "Quebec"]
[Date "2015.11.26"]
[Round "2"]
[White "Stoyanova, Stela"]
[Black "Leblanc Legault, Mathieu"]
[Result "0-1"]
[WhiteElo "1518"]
[BlackElo "1712"]
[PlyCount "148"]
[EventDate "2015.11.19"]
[EventType "swiss"]
[EventRounds "5"]
[EventCountry "CAN"]
[SourceTitle "EXT 2019"]
[Source "ChessBase"]
[SourceDate "2018.10.10"]
[SourceVersion "1"]
[SourceVersionDate "2018.10.10"]
[SourceQuality "1"]

1. e4 c6 2. c4 d5 3. cxd5 cxd5 4. Nf3 dxe4 5. Qa4+ Bd7 6. Qxe4 Nc6 7. Be2 Nf6 8. Qc2 Rc8 9. Nc3 e6 10. 0-0 Bd6 11. a3 0-0 12. b4 a6 13. Bb2 b5 14. Qd3 Qc7 15. Ne4 Nxe4 16. Qxe4 Ne7 17. Rac1 Bc6 18. Qh4 Ng6 19. Qg4 Qb8 20. Rfe1 Bxf3 21. Bxf3 Rxc1 22. Rxc1 Bxh2+ 23. Kh1 Be5 24. d4 Bf6 25. g3 Rc8 26. Rxc8+ Qxc8 27. Qe4 Qc4 28. Be2 Qd5 29. f3 Ne7 30. Kg2 Nc6 31. Qxd5 exd5 32. Bc1 Bxd4 33. f4 Bc3 34. Bg4 Ne7 35. Kf2 f5 36. Bf3 Kf7 37. Ke3 Ke6 38. Kd3 Bf6 39. Bd1 Nc8 40. g4 g6 41. g5 Bg7 42. Be3 h6 43. gxh6 Bxh6 44. Bf3 Bg7 45. Bd4 Bf8 46. Bc5 Ne7 47. Bd1 Bh6 48. Be3 Nc6 49. Bb3 Bg7 50. Bc5 Bf6 51. Be3 Bb2 52. a4 Nxb4+ 53. Ke2 Nc6 54. axb5 axb5 55. Bc5 Nd4+ 56. Bxd4 Bxd4 57. Kf3 Kd6 58. Kg3 Kc5 59. Kf3 Bf6 60. Ke3 g5 61. fxg5 Bxg5+ 62. Kf3 Kd4 63. Bc2 Ke5 64. Bb3 d4 65. Bc2 Be3 66. Bd3 b4 67. Ke2 b3 68. Kf3 Bg5 69. Ke2 f4 70. Bb1 Kd5 71. Kf3 Kc4 72. Ke4 Kc3 73. Bd3 f3 74. Bb1 f2 0-1

[Event "Montcalm I 2015-16"]
[Site "Quebec"]
[Date "2015.09.17"]
[Round "2"]
[White "Pelletier, Daniel"]
[Black "Leblanc Legault, Mathieu"]
[Result "0-1"]
[WhiteElo "1340"]
[BlackElo "1653"]
[PlyCount "46"]
[EventDate "2015.09.10"]
[EventType "tourn"]
[EventRounds "5"]
[EventCountry "CAN"]
[SourceTitle "EXT 2019"]
[Source "ChessBase"]
[SourceDate "2018.10.10"]
[SourceVersion "1"]
[SourceVersionDate "2018.10.10"]
[SourceQuality "1"]

1. d4 c6 2. e4 d5 3. e5 c5 4. c3 Nc6 5. Nf3 Bg4 6. Bb5 e6 7. Nbd2 cxd4 8. cxd4 Nh6 9. Qa4 Qb6 10. 0-0 Be7 11. Qb3 0-0 12. Bxc6 bxc6 13. Qd1 Nf5 14. Nb3 a5 15. a4 Rfb8 16. Nc5 Bxc5 17. dxc5 Qxc5 18. Re1 Bxf3 19. Qxf3 Nd4 20. Qd1 Nc2 21. Be3 Nxe3 22. Rxe3 Rxb2 23. Rc1 Qb6 0-1

[Event "Montcalm I 2015-16"]
[Site "Quebec"]
[Date "2015.09.10"]
[Round "1"]
[White "Leblanc Legault, Mathieu"]
[Black "Cournoyer, Dominic"]
[Result "0-1"]
[WhiteElo "1653"]
[BlackElo "2056"]
[PlyCount "72"]
[EventDate "2015.09.10"]
[EventType "tourn"]
[EventRounds "5"]
[EventCountry "CAN"]
[SourceTitle "EXT 2019"]
[Source "ChessBase"]
[SourceDate "2018.10.10"]
[SourceVersion "1"]
[SourceVersionDate "2018.10.10"]
[SourceQuality "1"]

1. d4 d5 2. Nc3 Nf6 3. f3 Bf5 4. g4 Bg6 5. g5 Nh5 6. e4 h6 7. f4 hxg5 8. f5 Bxf5 9. exf5 Ng3 10. Qf3 Nxh1 11. Qxh1 Qd6 12. Qxd5 c6 13. Qxd6 exd6 14. Bxg5 Rxh2 15. 0-0-0 f6 16. Be3 d5 17. Re1 Kf7 18. Nge2 Nd7 19. Nf4 Bb4 20. Be2 Rah8 21. Ng6 Re8 22. Kd2 Nb6 23. Bg1 Nc4+ 24. Kc1 Bxc3 25. Bxh2 Bxe1 26. Nf4 Kg8 27. Bxc4 dxc4 28. Kd1 c3 29. bxc3 Bxc3 30. Ne2 Ba5 31. c3 Re3 32. Kd2 Rf3 33. Bf4 Bxc3+ 34. Nxc3 Rxf4 35. d5 cxd5 36. Nxd5 Rd4+ 0-1